Black Panther Cast - Sudden Death - Statistics

General Stats
  • This quiz has been taken 78 times
  • The average score is 7 of 13
Answers on the Grid
Answers color-coded by a green-red scale on the quiz's grid according to % correct below.
Chadwick Boseman
Sam Worthington
Will Smith
Danai Gurira
Megan Fox
Stan Lee
Steven Yeun
Andy Serkis
Lennie James
Martin Freeman
Pete Davidson
Zazie Beetz
Forest Whitaker
Simon Pegg
Winston Duke
John David Washington
Chris Tucker
Jamie Foxx
Lupita Nyong'o
Daniel Kaluuya
Kevin Hart
Denzel Washington
Letitia Wright
Angela Bassett
Sebastian Stan
Sonny Chiba
Octavia Spencer
LaKeith Stanfield
Danny Glover
Michael B. Jordan
 
Answer Stats
Answer % Correct
Chadwick Boseman
100%
Michael B. Jordan
81%
Letitia Wright
58%
Lupita Nyong'o
58%
Sebastian Stan
58%
Angela Bassett
55%
Winston Duke
55%
Stan Lee
52%
Danai Gurira
48%
Andy Serkis
45%
Daniel Kaluuya
42%
Martin Freeman
39%
Forest Whitaker
32%
No matching quizzes found
Score Distribution
Percent of People with Each Score
Percentile by Number Answered
Your Score History
You have not taken this quiz